000 01763nam a22002535a 4500
008 240916t2024 xxk f 000 0 eng d
020 _a9781783215362
041 0 _aeng
110 2 _aRoyal Institution of Chartered Surveyors
_94900
245 0 0 _aDeveloping a construction procurement strategy and selecting an appropriate route
250 _a2nd
260 _aLondon,
_bRICS,
_cAugust 2024
300 _a46p.
490 0 _aRICS Practice Information
490 0 _aRICS Black Book
520 _aReplaces 1st edition, ISBN 9781783210213
520 _aOriginally published as a guidance note in 2013 this document has been rewritten as practice information, so as to account for changes in legislation, case law and construction contracts introduced since 2013. This practice information covers construction procurement routes and the development of a procurement strategy, and explains procurement strategy and routes. The strategy will relate to the decisions affecting the selection of the team(s) and how they relate to each other; the route selected will identify who is responsible for each element of the project. The guidance aims to help the professional choose an appropriate route by setting out the various possibilities, with their advantages and disadvantages, and by indicating the factors that should be used in the decision-making process.
650 _aPROCUREMENT
651 4 _aUNITED KINGDOM
690 _aConstruction management
_96230
700 _aMorledge, Roy
856 _uhttps://www.rics.org/profession-standards/rics-standards-and-guidance/sector-standards/construction-standards/black-book/developing-a-construction-procurement-strategy-and-selecting-an-appropriate-route
_zAvailable on RICS.org
942 _n0
_2ddc
999 _c121998
_d121998